LIBRARY & INFORMATION CENTRE, KCAET, TAVANUR

ONLINE PUBLIC ACCESS CATALOGUE (OPAC)

Basic refrigeration and air conditioning / (Record no. 1558)

MARC details
000 -LEADER
fixed length control field 00649cam a2200241ua 4500
020 ## - INTERNATIONAL STANDARD BOOK NUMBER
ISBN 0-07-462008-8
041 ## - LANGUAGE CODE
Language code of text/sound track or separate title eng
082 ## - DEWEY DECIMAL CLASSIFICATION NUMBER
Classification number 697.93
Item number ANA/BA
100 ## - MAIN ENTRY--AUTHOR NAME
Personal name Ananthanarayanan, P.N .
245 ## - TITLE STATEMENT
Title Basic refrigeration and air conditioning /
250 ## - EDITION STATEMENT
Edition statement /
260 ## - PUBLICATION, DISTRIBUTION, ETC. (IMPRINT)
Place of publication New Delhi :
Name of publisher Tata Mc-Graw Hill Publishing Company ,
Year of publication 1985.
300 ## - PHYSICAL DESCRIPTION
Number of Pages 288 ; .
500 ## - GENERAL NOTE
General note 17960, 17961 Scheme
942 ## - ADDED ENTRY ELEMENTS (KOHA)
Koha item type Books
Holdings
Withdrawn status Lost status Damaged status Home library Current library Date acquired Full call number Accession Number Koha item type
      KAUAET   07/04/2012 697.93 17961 Books
      KAUAET   07/04/2012 697.93 17960 Books
      KAUAET KAUAET 07/04/2012 697.93 15721 Books
      KAUAET KAUAET 07/04/2012 697.93 21235 Books
      KAUAET KAUAET 07/04/2012 697.93 20341 Books
free website counter